Expresión cultural de los 75 años

Guardat en:
Dades bibliogràfiques
Autor corporatiu: Pontificia Universidad Católica de Valparaíso (Autor)
Format: Llibre
Idioma:espanyol
Publicat: Valparaíso Pontificia Universidad Católica de Valparaíso 2003
Matèries:
Etiquetes: Afegir etiqueta
Sense etiquetes, Sigues el primer a etiquetar aquest registre!

MARC

LEADER 00000cam a2200000 a 4500
001 UCF8144
003 CL-VaPUC
008 130802e20030000cl |||||||||||||||||spa|d
082 0 4 |a 378.83  |b PON  |2 21 
110 2 |a Pontificia Universidad Católica de Valparaíso  |e author  |9 570228 
245 1 0 |a Expresión cultural de los 75 años 
300 |a pág. irreg 
942 |c BK 
945 |d 20130802 12:08:00  |a dcastane 
260 |a Valparaíso  |b Pontificia Universidad Católica de Valparaíso  |c 2003 
650 0 |a Universidades chilenas  |9 407335 
650 0 |a Educación superior   |9 223851 
650 7 |a CONMEMORACIONES  |2 CL-VaPUC  |9 504621 
650 0 |a Cultura  |9 269059 
583 |a last modification  |c 20130802 12:08:00  |k Rodrigo Vera 
999 |c 352794  |d 352792 
952 |0 0  |1 0  |4 0  |6 378_830000000000000_PON_2003  |7 0  |8 X  |9 457467  |a FDOBUD  |b FDOBUD  |d 2019-11-22  |i 4990617  |o 378.83 PON 2003  |p 4990617  |r 2019-11-22  |w 2019-11-22  |y BK_X  |k FHP